English Football Clubs with a Unique Suffix - Statistics

General Stats
  • This quiz has been taken 449 times
    127 since last reset
  • The average score is 6 of 15
Answer Stats
Unique Suffix Clubs % Correct
Tottenham Hotspur
67%
Nottingham Forest
66%
Aston Villa
65%
Sheffield Wednesday
63%
Queens Park Rangers
56%
Plymouth Argyle
55%
Preston North End
55%
Accrington Stanley
54%
Leyton Orient
48%
Crewe Alexandra
41%
Milton Keynes Dons
38%
Kidderminster Harriers
24%
Solihull Moors
12%
Tonbridge Angels
4%
Peterborough Sports
3%
No matching quizzes found
Score Distribution
Percent of People with Each Score
Percentile by Number Answered
Your Score History
You have not taken this quiz since the last reset